Childhood in contemporary cultures (Record no. 1389)
[ view plain ]
| 000 -LEADER | |
|---|---|
| fixed length control field | 00578nam a2200193 a 4500 |
| 005 - DATE AND TIME OF LATEST TRANSACTION | |
| control field | 20260322212058.0 |
| 008 - FIXED-LENGTH DATA ELEMENTS--GENERAL INFORMATION | |
| fixed length control field | data |
| 010 ## - LIBRARY OF CONGRESS CONTROL NUMBER | |
| LC control number | 55-010248 |
| 096 ## - LOCALLY ASSIGNED NLM-TYPE CALL NUMBER (OCLC) | |
| Classification number | WS 105 M461 1955 |
| 001 - CONTROL NUMBER | |
| control field | data |
| 245 00 - TITLE STATEMENT | |
| Title | Childhood in contemporary cultures |
| Statement of responsibility, etc. | edited by Margaret Mead & Wolfenstein, Martha. |
| 260 ## - PUBLICATION, DISTRIBUTION, ETC. | |
| Place of publication, distribution, etc. | [Chicago] |
| Name of publisher, distributor, etc. | University of Chicago Press |
| Date of publication, distribution, etc. | 1955 |
| 300 ## - PHYSICAL DESCRIPTION | |
| Extent | xi, 473 p. : |
| Other physical details | illus. ; |
| Dimensions | 24 cm. |
| 500 ## - GENERAL NOTE | |
| General note | Includes bibliographies. |
| 650 #4 - SUBJECT ADDED ENTRY--TOPICAL TERM | |
| Topical term or geographic name entry element | Child study. |
| 650 02 - SUBJECT ADDED ENTRY--TOPICAL TERM | |
| Topical term or geographic name entry element | Child |
| 700 1# - ADDED ENTRY--PERSONAL NAME | |
| Personal name | Mead, Margaret, |
| Dates associated with a name | 1901-1978 |
| 710 2# - ADDED ENTRY--CORPORATE NAME | |
| Corporate name or jurisdiction name as entry element | Wolfenstein, Martha, |
| Date of meeting or treaty signing | 1911-1976 joint ed. |
| Withdrawn status | Lost status | Damaged status | Not for loan | Home library | Current library | Shelving location | Date acquired | Total checkouts | Full call number | Barcode | Date last seen | Price effective from | Koha item type |
|---|---|---|---|---|---|---|---|---|---|---|---|---|---|
| Fairfield | Fairfield | General stacks | 22/03/2026 | GEN | BC0011435 | 22/03/2026 | 22/03/2026 | Books |